A history of the Jews in North Africa
Αποθηκεύτηκε σε:
| Κύριος συγγραφέας: | |
|---|---|
| Μορφή: | Βιβλίο |
| Γλώσσα: | English |
| Δημοσίευση: |
Leiden :
E. J. Brill,
1981
|
| Έκδοση: | 2nd ed., rev. |
| Θέματα: | |
| Ετικέτες: |
Προσθήκη ετικέτας
Δεν υπάρχουν, Καταχωρήστε ετικέτα πρώτοι!
|
MARC
| LEADER | 00000nam a2200000 i 4500 | ||
|---|---|---|---|
| 001 | 1/18248 | ||
| 008 | 981015s1981 eng d | ||
| 020 | |a 90-04-06295-5 | ||
| 035 | |l 10020846 | ||
| 040 | |a GR-MY-UA |b gre |e aacr | ||
| 041 | 0 | |a eng | |
| 082 | 0 | |a 909.04924064 | |
| 100 | 1 | |a Hirschberg, H. Z. (Haim Zeev) |d 1903- | |
| 245 | 1 | 2 | |a A history of the Jews in North Africa / |c by H. Z. Hirschberg ; edited by Eliezer Bashan and Robert Attal |
| 250 | |a 2nd ed., rev. | ||
| 260 | |a Leiden : |b E. J. Brill, |c 1981 | ||
| 300 | |a 2 τ.; |b χάρτες; |c 25 εκ. | ||
| 500 | |a Second, revised edition, translated from the hebrew | ||
| 504 | |a Περιέχει βιβλιογραφικές παραπομπές | ||
| 505 | 0 | |a τ.2. From the Ottoman conquests to the present time | |
| 650 | 0 | 0 | |a Jews |z Africa, North. |
| 650 | 0 | 0 | |a Jews |x History. |
| 852 | |a INST |b LESVOS |e 19981015 |h 909.04924064 HIR |p 005100017710 |q 005100017710 |t BK |y 0 |z τ.2 | ||
| 852 | |a INST |b LESVOS |e 19981015 |h 909.04924064 HIR |p 005100017710 |q 005100017710 |t BK |v τ.2: |y 0 |z τ.2 | ||
| 853 | |a INST |b LESVOS |h 909.04924064 HIR | ||
| 901 | |a BIBL-1999-1 | ||
| 909 | |a Λ |b 059354 | ||
| 922 | |a 1ΕΛΗ |b 199809 |c ΚΠΣ/ΤΚΑ |d ΠΑΠΑΣΩΤΗΡΙΟΥ | ||
| 950 | |a 117-1998-07-12 | ||
| 970 | |z 2000/06/ΟΙΚΟΝΟΜΟΠΟΥΛΟΥ ΧΡΙΣΤΙΝΑ | ||